banner koha

Potencial de inóculo de fungos micorrízicos arbusculares em solo cultivado com aveia em Umuarama-PR (Registro n. 232333)

MARC details
000 -LÍDER
campo de controle de tamanho fixo 01003nas a2200313 4500
001 - NÚMERO DE CONTROLE
campo de controle BR2013008399
003 - IDENTIFICADOR DO NÚMERO DE CONTROLE
campo de controle BR-BrBNA
005 - DATA E HORÁRIO DA ÚLTIMA TRANSAÇÃO
campo de controle 20231205123130.0
007 - CAMPO FIXO DE DESCRIÇÃO FÍSICA--INFORMAÇÃO GERAL
campo de controle de tamanho fixo ta
008 - CAMPO DE DADOS FIXOS--INFORMAÇÃO GERAL
campo de controle de tamanho fixo 230509b bl.|||p| |||| 00| 00por d
040 ## - FONTE DA CATALOGAÇÃO
Instituição da catalogação original BR-BrBNA
Idioma da catalogação por
Instituição que transcreveu o registro Biblioteca Nacional de Agricultura
041 ## - CÓDIGO DE IDIOMA
Código do idioma do texto/trilha sonora ou título diferente (Pt)
072 ## - CÓDIGO DE CATEGORIA DE ASSUNTO
Código de Categoria de Assunto P30; P34; F07
100 1# - ENTRADA PRINCIPAL--NOME PESSOAL
Nome pessoal Lermen, C.
100 1# - ENTRADA PRINCIPAL--NOME PESSOAL
Nome pessoal Ferreira, F.G.
100 1# - ENTRADA PRINCIPAL--NOME PESSOAL
Nome pessoal Camilotti, J.
100 1# - ENTRADA PRINCIPAL--NOME PESSOAL
Nome pessoal Raimundo, K.F.
100 1# - ENTRADA PRINCIPAL--NOME PESSOAL
Nome pessoal Uroviche, R.C.
100 1# - ENTRADA PRINCIPAL--NOME PESSOAL
Nome pessoal Guellis, C.
100 1# - ENTRADA PRINCIPAL--NOME PESSOAL
Nome pessoal Alberton, O.
245 1# - TÍTULO
Título Potencial de inóculo de fungos micorrízicos arbusculares em solo cultivado com aveia em Umuarama-PR
650 ## - ASSUNTO--TERMO TÓPICO
Cabeçalho tópico ou nome geográfico MICORRIZA VESICULAR ARBUSCULAR
650 ## - ASSUNTO--TERMO TÓPICO
Cabeçalho tópico ou nome geográfico MICROBIOLOGIA DO SOLO
650 ## - ASSUNTO--TERMO TÓPICO
Cabeçalho tópico ou nome geográfico SIMBIOSE
650 ## - ASSUNTO--TERMO TÓPICO
Cabeçalho tópico ou nome geográfico MANEJO DO SOLO
773 0# - ENTRADA ANALÍTICA
Título Arquivos de Ciências Veterinárias e Zoologia da Unipar (Brazil)
ISSN - International Standard Serial Number ISSN 1415-8167
Partes relacionadas (Jan-Jun 2012), v. 15(1) p. 49-55
Número de controle do registro BR2013008399
909 ## -
-- 202311
-- Lúcia
-- 55
-- Lúcia Elande
942 ## - ELEMENTOS DE ENTRADA ADICIONADOS (KOHA)
Fonte da classificação ou esquema de arquivamento na estante Classificação AGRIS
Ocultar no OPAC Não
Tipo de material Koha Analítica
Exemplares
Situação do descarte Fonte da classificação ou esquema de arquivamento na estante Situação física Não pode ser emprestado Biblioteca de origem Biblioteca atual Localização na estante Enumeração do periódico / cronologia Total de empréstimos Data de último acesso Número do exemplar Tipo de material Koha Fonte de aquisição
  Classificação AGRIS   Consulta local Biblioteca Nacional de Agricultura - Binagri Biblioteca Nacional de Agricultura - Binagri   (Jan-Jun 2012), v. 15(1) p. 49-55   29/11/2023 01 Periódicos Portaria Interministerial nº 164/94

BINAGRI

Telefone: (61)3218-2567/2388/3357/2097 - binagri@agro.gov.br

Ministério da Agricultura e Pecuária , Esplanada dos Ministérios, Bloco D, Anexo B, Brasília/DF, CEP: 70.043-900